Mi hámster
Պահպանված է:
| Հիմնական հեղինակներ: | , |
|---|---|
| Ձևաչափ: | Գիրք |
| Լեզու: | իսպաներեն |
| Հրապարակվել է: |
Bogotá
Norma
1993
|
| Շարք: | Mis animales preferidos
|
| Խորագրեր: | |
| Ցուցիչներ: |
Ավելացրեք ցուցիչ
Չկան պիտակներ, Եղեք առաջինը, ով նշում է այս գրառումը!
|
MARC
| LEADER | 00000nam a2200000 a 4500 | ||
|---|---|---|---|
| 001 | UCH8150 | ||
| 003 | CL-VaPUC | ||
| 008 | 091127e19930000ck |||||||||||||||||spa|d | ||
| 020 | |a 9580412707 | ||
| 082 | 0 | 4 | |a 808.068 |b SAN |2 21 |
| 100 | 0 | |a Sánchez, Isidro |e author |9 544598 | |
| 700 | 0 | |a Rius, María |e author |9 544599 | |
| 245 | 1 | 0 | |a Mi hámster |
| 300 | |a 30 p | ||
| 942 | |c BK | ||
| 945 | |d 20091127 00:00:00 |a ccalabra | ||
| 260 | |a Bogotá |b Norma |c 1993 | ||
| 650 | 0 | |a Literatura |9 259151 | |
| 650 | 0 | |a Literatura infantil |9 307465 | |
| 650 | 0 | |a Cuentos infantiles |9 308044 | |
| 650 | 0 | |a Animales |9 269820 | |
| 650 | 0 | |a Educación |9 258661 | |
| 650 | 0 | |a Narrativa |9 336727 | |
| 650 | 0 | |a Ficción |9 376687 | |
| 650 | 0 | |a Lectura |9 307634 | |
| 583 | |a last modification |c 20171128 02:42:20 |k Rodrigo Vera | ||
| 490 | 0 | |a Mis animales preferidos | |
| 999 | |c 338391 |d 338389 | ||